[Event "IECG QN.2004.0.00338"]
[Site "IECG email"]
[Date "2004.09.12"]
[Round "?"]
[White "Easton, Billy"]
[Black "Venturas, Bob"]
[Result "1-0"]
[WhiteElo "717"]
[BlackElo "692"]
[PlyCount "60"]
[EventDate "2004.09.12"]
[EventType "tourn (corr)"]
[EventRounds "6"]
[SourceTitle "Corr 2008"]
[Source "ChessBase"]
[SourceDate "2008.06.24"]
[SourceVersion "1"]
[SourceVersionDate "2008.06.24"]
[SourceQuality "1"]

1. e4 e5 2. Nf3 Nc6 3. Bc4 h6 4. Nc3 Nf6 5. 0-0 d6 6. d4 exd4 7. Nxd4 Nxd4 8. Qxd4 Be7 9. Bf4 0-0 10. Nd5 Re8 11. e5 Nxd5 12. Bxd5 c6 13. Bb3 d5 14. Qe3 Bg5 15. Bxg5 Qxg5 16. Qxg5 hxg5 17. Rae1 Be6 18. c3 Red8 19. f4 f6 20. exf6 Re8 21. fxg5 g6 22. Bc2 Kf7 23. h4 Rh8 24. g3 Rad8 25. Kg2 d4 26. Bb3 Rhe8 27. Bxe6+ Rxe6 28. Rxe6 Kxe6 29. cxd4 Rxd4 30. f7 Rd8 1-0

[Event "IECG CP.2002.P.00108 email"]
[Site "IECG email"]
[Date "2002.10.01"]
[Round "?"]
[White "Easton, Billy"]
[Black "Amir, Jacob"]
[Result "1-0"]
[WhiteElo "651"]
[BlackElo "1353"]
[PlyCount "45"]
[EventDate "2002.10.01"]
[EventType "tourn (corr)"]
[EventRounds "6"]
[EventCountry "ENG"]
[SourceTitle "Corr 2008"]
[Source "ChessBase"]
[SourceDate "2008.06.24"]
[SourceVersion "1"]
[SourceVersionDate "2008.06.24"]
[SourceQuality "1"]

1. e4 e5 2. Nf3 Nc6 3. d4 exd4 4. Nxd4 Bc5 5. Be3 Nxd4 6. Bxd4 Bxd4 7. Qxd4 Qg5 8. f4 Qh4+ 9. g3 Qf6 10. Qb4 Ne7 11. Nc3 Nc6 12. Qc4 d6 13. 0-0-0 Be6 14. Qa4 a6 15. Bb5 Bd7 16. Rhe1 Qd8 17. Bxc6 Bxc6 18. Qd4 Qf6 19. e5 dxe5 20. Rxe5+ Kf8 21. Nd5 Bxd5 22. Qxd5 c6 23. Qc5+ 1-0

[Event "IECG CP.2002.P.00108 email"]
[Site "IECG email"]
[Date "2002.10.01"]
[Round "?"]
[White "Easton, Billy"]
[Black "Wurm, Tamas"]
[Result "0-1"]
[WhiteElo "651"]
[BlackElo "1379"]
[PlyCount "30"]
[EventDate "2002.10.01"]
[EventType "tourn (corr)"]
[EventRounds "6"]
[EventCountry "ENG"]
[SourceTitle "Corr 2008"]
[Source "ChessBase"]
[SourceDate "2008.06.24"]
[SourceVersion "1"]
[SourceVersionDate "2008.06.24"]
[SourceQuality "1"]

1. e4 e5 2. Nf3 Nc6 3. Bb5 a6 4. Bxc6 dxc6 5. Nxe5 Qd4 6. Ng4 Qxe4+ 7. Ne3 Bc5 8. 0-0 Nf6 9. d3 Qg6 10. d4 Bd6 11. Nc4 0-0 12. c3 Bg4 13. Qb3 Be6 14. d5 Bxd5 15. Qxb7 Qxg2# 0-1

[Event "IECG CN.2001.0.00248"]
[Site "IECG email"]
[Date "2001.05.20"]
[Round "?"]
[White "Doerdelmann, Thomas"]
[Black "Easton, Billy"]
[Result "1-0"]
[WhiteElo "800"]
[BlackElo "800"]
[PlyCount "61"]
[EventDate "2001.05.20"]
[EventType "tourn (corr)"]
[EventRounds "6"]
[SourceTitle "Corr 2008"]
[Source "ChessBase"]
[SourceDate "2008.06.24"]
[SourceVersion "1"]
[SourceVersionDate "2008.06.24"]
[SourceQuality "1"]

1. d4 d5 2. e3 c5 3. c3 Nf6 4. Bd3 e6 5. Nd2 Bd6 6. f4 cxd4 7. exd4 Bxf4 8. Ngf3 0-0 9. 0-0 Ng4 10. Ne5 Bxh2+ 11. Kh1 Bxe5 12. Qxg4 f5 13. Qh5 Rf6 14. Nf3 Bc7 15. Bg5 Nd7 16. Rae1 Qf8 17. Bxf6 Nxf6 18. Qh3 Bd7 19. Ng5 h6 20. Nxe6 Bxe6 21. Rxe6 Qf7 22. Qxf5 Rf8 23. Rfe1 Bd8 24. Bc2 Qd7 25. Rxf6 Qxf5 26. Rxf5 Bf6 27. Rxd5 Bh4 28. Re4 Bg3 29. Bd3 Rf2 30. Re7 Rd2 31. Rd8# 1-0

[Event "IECG CN.2001.0.00248"]
[Site "IECG email"]
[Date "2001.05.20"]
[Round "?"]
[White "Easton, Billy"]
[Black "Kingars, Alex Rodrigues"]
[Result "1-0"]
[WhiteElo "800"]
[BlackElo "800"]
[PlyCount "21"]
[EventDate "2001.05.20"]
[EventType "tourn (corr)"]
[EventRounds "6"]
[SourceTitle "Corr 2008"]
[Source "ChessBase"]
[SourceDate "2008.06.24"]
[SourceVersion "1"]
[SourceVersionDate "2008.06.24"]
[SourceQuality "1"]

1. e4 c6 2. f3 d5 3. d4 dxe4 4. fxe4 e5 5. Nf3 exd4 6. Qxd4 Qxd4 7. Nxd4 Bc5 8. c3 Nf6 9. e5 Nd5 10. Bd3 Nb6 11. Bg5 1-0

[Event "IECG CN.2001.0.00235"]
[Site "IECG email"]
[Date "2001.02.11"]
[Round "?"]
[White "Easton, Billy"]
[Black "Woodfin, David"]
[Result "1-0"]
[WhiteElo "800"]
[BlackElo "800"]
[PlyCount "87"]
[EventDate "2001.02.11"]
[EventType "tourn (corr)"]
[EventRounds "6"]
[SourceTitle "Corr 2008"]
[Source "ChessBase"]
[SourceDate "2008.06.24"]
[SourceVersion "1"]
[SourceVersionDate "2008.06.24"]
[SourceQuality "1"]

1. e4 e5 2. Nf3 Nc6 3. Bc4 d6 4. c3 h6 5. d4 f6 6. Nh4 Nge7 7. Qh5+ Kd7 8. Qf7 Qe8 9. Qxe8+ Kxe8 10. Na3 a6 11. d5 Na5 12. Be2 g5 13. Nf3 Bg4 14. b4 Bxf3 15. Bxf3 b5 16. bxa5 f5 17. Bh5+ Kd7 18. f3 f4 19. 0-0 Bg7 20. Bg4+ Kd8 21. Bd2 Ng8 22. c4 Nf6 23. Be6 Ke7 24. cxb5 axb5 25. Nxb5 Kd8 26. Rac1 Ne8 27. Rc6 Bf6 28. Rfc1 Ng7 29. Nxc7 Ra7 30. Rxd6+ Ke7 31. Rd7+ Kf8 32. Rf7+ Kg8 33. Rxf6+ Kh7 34. Bf5+ Kg8 35. Bb4 Nxf5 36. Rxf5 Rh7 37. Rf8+ Kg7 38. Rc6 Rh8 39. Ne6+ Kh7 40. Rxh8+ Kxh8 41. Rc8+ Kh7 42. Rc7+ Rxc7 43. Nxc7 h5 44. d6 1-0

[Event "IECG QN.2000.0.00154"]
[Site "IECG email"]
[Date "2000.12.06"]
[Round "?"]
[White "Goh Kien Huat, Justin"]
[Black "Easton, Billy"]
[Result "1-0"]
[WhiteElo "800"]
[BlackElo "800"]
[PlyCount "43"]
[EventDate "2000.12.06"]
[EventType "tourn (corr)"]
[EventRounds "6"]
[SourceTitle "Corr 2008"]
[Source "ChessBase"]
[SourceDate "2008.06.24"]
[SourceVersion "1"]
[SourceVersionDate "2008.06.24"]
[SourceQuality "1"]

1. e4 e5 2. Nf3 Nc6 3. Bb5 Bc5 4. 0-0 Nf6 5. Bxc6 bxc6 6. b4 Bxb4 7. Nxe5 Nxe4 8. Re1 d5 9. Nd3 Qd6 10. f3 f5 11. Nxb4 Qxb4 12. fxe4 fxe4 13. d4 Qd6 14. Ba3 Qg6 15. Nd2 Bh3 16. g3 0-0-0 17. c3 h5 18. Be7 h4 19. Re3 hxg3 20. Rxg3 Qh7 21. Qe2 Rd7 22. Qa6+ 1-0